000 00751nam a2200241Ia 4500
005 20260430150409.0
008 008 250103s9999 xx 000 0 eng d
037 _aTheses
040 _aCRL
040 _beng
040 _ceng
041 _2eng
041 _aeng
084 _qCRL
100 _aPoonia Priya Au.; Chopra Madhu Gu.
_91237377
245 0 _aVirtual Screening & Molecular Modeling for Development of Subtype Selective HDAC Inhibitors and Evaluation of their Antiproliferative Activity in Cervical Cancer Cells
260 _c2022
300 _a179p.
650 _aMedicine
700 _aUniversity of Delhi. Faculty of Medical Sciences. Deptt. of Biomedical Research
_91237372
942 _cTH
999 _c1849685
_d1849685